Célébrités en C. - Statistiques

Statistiques générales
  • Ce quiz a été pris 1 202 fois
  • Le résultat moyen est 9 sur 16
Statistiques - réponses
Question Célébrité % Correct
5ème président de la Vème République en France. Jacques Chirac
85%
Humoriste Français, décédé en 1986 dans un accident de moto. Coluche
82%
Chanteur Français interprète de "Yalla" et "En apesanteur". Calogéro
80%
Chanteur Français, interprète de "La corrida" et "Petite Marie". Francis Cabrel
80%
Ancien Rugbyman Français, connu pour avoir une très grande barbe. Sébastien Chabal
79%
Acteur, il joue le rôle de Marc dans les séries "La Flamme" et "Le Flambeau". Jonathan Cohen
75%
Dramaturge et poète Français, auteur de "Le Cid". Corneille
67%
Acteur Américain, à l'affiche de "A star is born", avec Lady Gaga. Bradley Cooper
65%
Actrice Française, elle a interprété Édith Piaf au cinéma dans "La Môme". Marion Cotillard
62%
Chanteuse Américaine, elle a débutée dans la série Disney "Hannah Montana". Miley Cyrus
62%
Acteur, réalisateur et animateur Français, membre du groupe d'humoristes "Les Nuls". Alain Chabat
51%
Animateur Français, il animait une émission TV nommée "La méthode ___" Sébastien Cauet
51%
Elle joue le rôle de Monica dans la série "Friends". Courtney Cox
45%
Footballeur international Français, c'est lui qui marque l'unique but de la finale de ligue des champions entre le Bayern Munich et le PSG. Kingsley Coman
42%
Producteur et animateur TV Britannique, il est le créateur de "Britain's got talent". Simon Cowell
13%
Actrice, elle joue le rôle de Penny dans "The big bang theory". Kaley Cuoco
11%
Aucun quiz correspondant
Distribution des résultats
% des personnes avec chaque résultat
Percentile par nombre de réponses
Votre historique - résultats
Vous n’avez pas pris ce quiz